<?xml version="1.0" encoding="UTF-8"?>
<record
    xmlns:xsi="http://www.w3.org/2001/XMLSchema-instance"
    xsi:schemaLocation="http://www.loc.gov/MARC21/slim http://www.loc.gov/standards/marcxml/schema/MARC21slim.xsd"
    xmlns="http://www.loc.gov/MARC21/slim">

  <leader>01986cam a2200505   4500</leader>
  <datafield tag="999" ind1=" " ind2=" ">
    <subfield code="c">23212</subfield>
    <subfield code="d">23212</subfield>
  </datafield>
  <controlfield tag="001">vtls011748295</controlfield>
  <controlfield tag="005">20220427091923.0</controlfield>
  <controlfield tag="008">210202s2018    xo hojbgrn    001 0bslo  </controlfield>
  <datafield tag="020" ind1=" " ind2=" ">
    <subfield code="a">9788080468743</subfield>
    <subfield code="q">(viazan&#xE9;)</subfield>
  </datafield>
  <datafield tag="035" ind1=" " ind2=" ">
    <subfield code="a">E1D1FC0E-42B4-450A-8AEE-7BBCEAE8568D</subfield>
  </datafield>
  <datafield tag="035" ind1=" " ind2=" ">
    <subfield code="a">urn:nbn:sk:snk-am3iexk</subfield>
  </datafield>
  <datafield tag="035" ind1=" " ind2=" ">
    <subfield code="a">urn:nbn:sk:snk-am00e7eu</subfield>
  </datafield>
  <datafield tag="040" ind1=" " ind2=" ">
    <subfield code="a">PPPK</subfield>
    <subfield code="b">slo</subfield>
    <subfield code="c">PPPK</subfield>
    <subfield code="d">SNK</subfield>
    <subfield code="e">rda</subfield>
  </datafield>
  <datafield tag="041" ind1="0" ind2=" ">
    <subfield code="a">slo</subfield>
  </datafield>
  <datafield tag="044" ind1=" " ind2=" ">
    <subfield code="a">xo</subfield>
    <subfield code="c">SK</subfield>
  </datafield>
  <datafield tag="072" ind1=" " ind2="7">
    <subfield code="a">929</subfield>
    <subfield code="x">Biografie</subfield>
    <subfield code="2">konspekt</subfield>
  </datafield>
  <datafield tag="080" ind1=" " ind2=" ">
    <subfield code="a">929.731-055.2</subfield>
    <subfield code="2">2011</subfield>
  </datafield>
  <datafield tag="080" ind1=" " ind2=" ">
    <subfield code="a">929(092)</subfield>
    <subfield code="2">2011</subfield>
  </datafield>
  <datafield tag="080" ind1=" " ind2=" ">
    <subfield code="a">(436+439)</subfield>
    <subfield code="2">2011</subfield>
  </datafield>
  <datafield tag="100" ind1="1" ind2=" ">
    <subfield code="a">Mrva, Ivan,</subfield>
    <subfield code="d">1954-</subfield>
    <subfield code="4">aut</subfield>
    <subfield code="9">2859</subfield>
  </datafield>
  <datafield tag="245" ind1="1" ind2="0">
    <subfield code="a">M&#xE1;ria Ter&#xE9;zia</subfield>
    <subfield code="b">vlad&#xE1;rka a matka</subfield>
    <subfield code="c">Ivan Mrva</subfield>
  </datafield>
  <datafield tag="250" ind1=" " ind2=" ">
    <subfield code="a">Prv&#xE9; vydanie</subfield>
  </datafield>
  <datafield tag="264" ind1=" " ind2="1">
    <subfield code="a">Bratislava</subfield>
    <subfield code="b">Perfekt</subfield>
    <subfield code="c">2018</subfield>
  </datafield>
  <datafield tag="300" ind1=" " ind2=" ">
    <subfield code="a">201 str&#xE1;n</subfield>
    <subfield code="b">faksimile, fotografie, genealogick&#xE9; tabu&#x13E;ky, mapy</subfield>
    <subfield code="c">25 cm</subfield>
  </datafield>
  <datafield tag="336" ind1=" " ind2=" ">
    <subfield code="a">text</subfield>
    <subfield code="b">txt</subfield>
    <subfield code="2">rdacontent</subfield>
  </datafield>
  <datafield tag="336" ind1=" " ind2=" ">
    <subfield code="a">statick&#xFD; obraz</subfield>
    <subfield code="b">sti</subfield>
    <subfield code="2">rdacontent</subfield>
  </datafield>
  <datafield tag="337" ind1=" " ind2=" ">
    <subfield code="a">bez m&#xE9;dia</subfield>
    <subfield code="b">n</subfield>
    <subfield code="2">rdamedia</subfield>
  </datafield>
  <datafield tag="338" ind1=" " ind2=" ">
    <subfield code="a">zv&#xE4;zok</subfield>
    <subfield code="b">nc</subfield>
    <subfield code="2">rdacarrier</subfield>
  </datafield>
  <datafield tag="500" ind1=" " ind2=" ">
    <subfield code="a">Obsahuje bibliografiu na strane 196-197 ; menn&#xFD; register na strane 198-201</subfield>
  </datafield>
  <datafield tag="500" ind1=" " ind2=" ">
    <subfield code="a">Obsahuje chronologick&#xFD; preh&#x13E;ad na strane 188-195</subfield>
  </datafield>
  <datafield tag="600" ind1="0" ind2="7">
    <subfield code="a">M&#xE1;ria Ter&#xE9;zia,</subfield>
    <subfield code="c">&#x10D;esk&#xE1; a uhorsk&#xE1; kr&#xE1;&#x13E;ovna, cis&#xE1;rovn&#xE1;, man&#x17E;elka Franti&#x161;ka &#x160;tefana I., r&#xED;mskonemeck&#xE9;ho cis&#xE1;ra,</subfield>
    <subfield code="d">1717-1780</subfield>
    <subfield code="2">SNKMA</subfield>
    <subfield code="9">2902</subfield>
  </datafield>
  <datafield tag="600" ind1="3" ind2="7">
    <subfield code="a">Habsburg (rod)</subfield>
    <subfield code="2">SNKMA</subfield>
    <subfield code="9">2903</subfield>
  </datafield>
  <datafield tag="648" ind1=" " ind2="7">
    <subfield code="a">1717-1780</subfield>
    <subfield code="2">SNKPH</subfield>
    <subfield code="9">2904</subfield>
  </datafield>
  <datafield tag="648" ind1=" " ind2="7">
    <subfield code="a">18. storo&#x10D;ie</subfield>
    <subfield code="2">SNKPH</subfield>
    <subfield code="9">2905</subfield>
  </datafield>
  <datafield tag="648" ind1=" " ind2="7">
    <subfield code="a">18th century</subfield>
    <subfield code="2">SNKPHeng</subfield>
    <subfield code="9">2906</subfield>
  </datafield>
  <datafield tag="650" ind1="0" ind2="7">
    <subfield code="a">panovn&#xED;&#x10D;ky</subfield>
    <subfield code="2">SNKPH</subfield>
    <subfield code="9">2907</subfield>
  </datafield>
  <datafield tag="650" ind1="0" ind2="7">
    <subfield code="a">Queens and empresses</subfield>
    <subfield code="2">SNKPHeng</subfield>
    <subfield code="9">2908</subfield>
  </datafield>
  <datafield tag="651" ind1=" " ind2="7">
    <subfield code="a">Austro-Hungarian Monarchy</subfield>
    <subfield code="2">SNKPHeng</subfield>
    <subfield code="9">2909</subfield>
  </datafield>
  <datafield tag="651" ind1=" " ind2="7">
    <subfield code="a">Rak&#xFA;sko-Uhorsko</subfield>
    <subfield code="2">SNKPHgeo</subfield>
    <subfield code="9">2910</subfield>
  </datafield>
  <datafield tag="655" ind1=" " ind2="7">
    <subfield code="a">biografie</subfield>
    <subfield code="2">SNKPH</subfield>
    <subfield code="9">1756</subfield>
  </datafield>
  <datafield tag="655" ind1=" " ind2="7">
    <subfield code="a">Biography</subfield>
    <subfield code="2">SNKPHeng</subfield>
    <subfield code="9">1759</subfield>
  </datafield>
  <datafield tag="711" ind1="2" ind2=" ">
    <subfield code="a">Najkraj&#x161;ie a najlep&#x161;ie detsk&#xE9; knihy jari, leta, jesene a zimy na Slovensku</subfield>
    <subfield code="n">(28 :</subfield>
    <subfield code="d">2017 :</subfield>
    <subfield code="c">Bratislava, Slovensko).</subfield>
    <subfield code="e">Najlep&#x161;ia detsk&#xE1; kniha zimy 2017</subfield>
    <subfield code="9">2911</subfield>
  </datafield>
  <datafield tag="958" ind1=" " ind2=" ">
    <subfield code="a">BC</subfield>
  </datafield>
  <datafield tag="958" ind1=" " ind2=" ">
    <subfield code="a">NB</subfield>
  </datafield>
  <datafield tag="952" ind1=" " ind2=" ">
    <subfield code="0">0</subfield>
    <subfield code="1">0</subfield>
    <subfield code="2">udc</subfield>
    <subfield code="4">0</subfield>
    <subfield code="7">0</subfield>
    <subfield code="8">K</subfield>
    <subfield code="a">10000</subfield>
    <subfield code="b">10000</subfield>
    <subfield code="d">2019-11-29</subfield>
    <subfield code="g">13.00</subfield>
    <subfield code="i">21170</subfield>
    <subfield code="l">4</subfield>
    <subfield code="m">2</subfield>
    <subfield code="o">I1833</subfield>
    <subfield code="p">I1833</subfield>
    <subfield code="r">2023-03-03</subfield>
    <subfield code="s">2022-11-11</subfield>
    <subfield code="w">2022-04-27</subfield>
    <subfield code="y">OLDO</subfield>
  </datafield>
</record>
